[Event "HUN Team League Ch. Csongrad Region"]
[Site "Csongrád County"]
[Date "2015.10.11"]
[Round "3.1"]
[White "Miko, Valer"]
[Black "Kiss, Balazs Janos"]
[Result "1/2-1/2"]
[WhiteElo "2078"]
[BlackElo "1912"]
[PlyCount "106"]
[EventDate "2015.09.20"]

1. e4 d5 2. Nc3 dxe4 3. Nxe4 Nf6 4. Nxf6+ gxf6 5. d4 c6 6. c3 Bf5 7. Nf3 e6 8.
Nh4 Bg6 9. g3 Bd6 10. Bg2 Nd7 11. O-O Qc7 12. a4 a5 13. Re1 O-O-O 14. c4 Bb4
15. Bd2 Qd6 16. Bc3 c5 17. Qf3 Qb6 18. Bxb4 Qxb4 19. Nxg6 hxg6 20. dxc5 Nxc5
21. Qxf6 Rhf8 22. Qe7 Nd3 23. Qxb4 Nxb4 24. Red1 Na6 25. Be4 Kc7 26. h4 f5 27.
Bc2 Kc6 28. Kf1 Kc5 29. Rac1 Kb4 30. Ke2 Nc5 31. b3 Rxd1 32. Bxd1 Rd8 33. f3 e5
34. Rc2 e4 35. Ke1 exf3 36. Bxf3 Rd3 37. Ke2 Rxb3 38. Rd2 Nxa4 39. Rd6 Nc3+ 40.
Kf2 Kxc4 41. Rxg6 a4 42. Rg8 a3 43. Ra8 a2 44. Bh5 Ne4+ 45. Kg2 Rb2+ 46. Kf3
Kd4 47. Ra4+ Kd3 48. Ra3+ Nc3 49. Bf7 b5 50. h5 b4 51. Ra8 b3 52. h6 Rh2 53.
Bxb3 Rxh6 1/2-1/2

[Event "HUN Team League Ch. Csongrad Region"]
[Site "Csongrád County"]
[Date "2015.10.11"]
[Round "3.1"]
[White "Ver, Imre"]
[Black "Farkas, Sandor"]
[Result "0-1"]
[WhiteElo "1865"]
[BlackElo "1836"]
[PlyCount "78"]
[EventDate "2015.09.20"]

1. e4 c5 2. d4 cxd4 3. Qxd4 Nc6 4. Qd1 Nf6 5. Nd2 d5 6. Bb5 dxe4 7. Bxc6+ bxc6
8. Qe2 Bg4 9. Qe3 e6 10. h3 Bh5 11. Ne2 Qa5 12. Nf4 Bc5 13. Qg3 Bg6 14. Nxg6
hxg6 15. O-O Nh5 16. Qh4 e3 17. Nb3 exf2+ 18. Kh1 Qc7 19. Bf4 Bd6 20. Bxd6 Qxd6
21. Qxf2 Ng3+ 22. Kg1 Nxf1 23. Rxf1 O-O 24. Nc5 e5 25. c3 f5 26. Nb3 Rfd8 27.
Re1 a5 28. Re2 a4 29. Nd2 e4 30. Nf1 Qe6 31. a3 Rd1 32. Kh2 Qd6+ 33. g3 Rd8 34.
Kg2 Rd3 35. h4 Rf3 36. Qg1 Qe5 37. Re1 Rd2+ 38. Kh3 Rxb2 39. Ne3 Qe6 0-1

[Event "HUN Team League Ch. Csongrad Region"]
[Site "Csongrád County"]
[Date "2015.10.11"]
[Round "3.1"]
[White "Fabian, Istvan"]
[Black "Sipos, Kalman"]
[Result "0-1"]
[WhiteElo "1791"]
[BlackElo "1816"]
[PlyCount "110"]
[EventDate "2015.09.20"]

1. e4 c5 2. Nf3 Nc6 3. d4 cxd4 4. Nxd4 g6 5. c3 Bg7 6. Be3 Nf6 7. f3 O-O 8. Be2
d5 9. Nxc6 bxc6 10. exd5 cxd5 11. O-O a5 12. Qd2 Ba6 13. Na3 Qd7 14. Rad1 Qa4
15. Bxa6 Rxa6 16. Bc5 Re8 17. Qd3 Rc6 18. b3 Qf4 19. Be3 Qb8 20. c4 e6 21. Nb5
Bf8 22. Qc3 Nd7 23. Qxa5 Bc5 24. Qd2 Bxe3+ 25. Qxe3 Nf6 26. Rd4 Kg7 27. Rh4 h5
28. a4 dxc4 29. Rxc4 Rec8 30. Rfc1 Rxc4 31. Rxc4 Rd8 32. Rc1 Nd5 33. Qa7 Qf4
34. Qd4+ Qxd4+ 35. Nxd4 Nf4 36. Rc4 Rxd4 37. Rxd4 Ne2+ 38. Kf2 Nxd4 39. a5 Kf6
40. a6 Nb5 41. Ke3 Ke5 42. Kd3 Kd5 43. g4 f5 44. gxf5 gxf5 45. f4 e5 46. fxe5
Kxe5 47. Kc4 Na7 48. Kc5 f4 49. Kb6 f3 50. Kxa7 f2 51. Kb8 f1=Q 52. a7 Qb5+ 53.
Kc8 Qc6+ 54. Kb8 Kd6 55. a8=Q Qc7# 0-1

[Event "HUN Team League Ch. Csongrad Region"]
[Site "Csongrád County"]
[Date "2015.10.11"]
[Round "3.1"]
[White "Abraham, Lajos"]
[Black "Karpati, Zoltan Dr"]
[Result "1/2-1/2"]
[WhiteElo "1766"]
[BlackElo "1730"]
[PlyCount "85"]
[EventDate "2015.09.20"]

1. e4 e6 2. d4 d5 3. Nc3 Bb4 4. Bb5+ Bd7 5. Bd3 dxe4 6. Bxe4 Bc6 7. Qd3 Bxe4 8.
Qxe4 Nc6 9. Nge2 Nf6 10. Qh4 a6 11. Bg5 Be7 12. O-O-O Nd5 13. Bxe7 Qxe7 14. Qg3
Nxc3 15. Nxc3 O-O-O 16. d5 exd5 17. Nxd5 Qe5 18. Qh3+ Qe6 19. Qxe6+ fxe6 20.
Nf4 e5 21. Rxd8+ Rxd8 22. Nd3 b6 23. f3 Kd7 24. Re1 Kd6 25. c3 Rd7 26. Kc2 g5
27. Re4 h5 28. h4 Rg7 29. hxg5 Rxg5 30. g4 a5 31. a4 Kd5 32. b4 axb4 33. Nxb4+
Kd6 34. Kd3 Nd8 35. Ke3 Ne6 36. Nd3 hxg4 37. Rxg4 Rf5 38. Re4 Ng5 39. Rxe5
Rxf3+ 40. Ke2 Rg3 41. Rb5 Ne6 42. a5 bxa5 43. Rxa5 1/2-1/2

[Event "HUN Team League Ch. Csongrad Region"]
[Site "Csongrád County"]
[Date "2015.10.11"]
[Round "3.1"]
[White "Kiss, Rebeka"]
[Black "Bartos, Ferenc"]
[Result "0-1"]
[WhiteElo "1702"]
[BlackElo "1817"]
[PlyCount "66"]
[EventDate "2015.09.20"]

1. e4 e5 2. Nf3 Nc6 3. Bc4 Bc5 4. c3 Nf6 5. d3 O-O 6. Nbd2 d6 7. Nf1 Ng4 8. Be3
Nxe3 9. Nxe3 Bxe3 10. fxe3 Na5 11. Bb5 a6 12. Ba4 b5 13. Bc2 c5 14. Qd2 c4 15.
d4 Bg4 16. O-O-O Bxf3 17. gxf3 Qf6 18. Qg2 Nc6 19. Rdf1 a5 20. f4 Qh6 21. Rf3
g6 22. f5 exd4 23. cxd4 Nb4 24. f6 Rfc8 25. Rh3 Qf8 26. Qg5 Nd3+ 27. Bxd3 cxd3+
28. Kb1 d2 29. Qh4 h5 30. Qf2 Rc1+ 31. Rxc1 dxc1=Q+ 32. Kxc1 Qc8+ 33. Qc2 Qxh3
0-1

[Event "HUN Team League Ch. Csongrad Region"]
[Site "Csongrád County"]
[Date "2015.10.11"]
[Round "3.1"]
[White "Kadnar, Emil"]
[Black "Fridrik, Richard"]
[Result "0-1"]
[WhiteElo "1670"]
[BlackElo "1694"]
[PlyCount "100"]
[EventDate "2015.09.20"]

1. d4 d5 2. Nc3 Nf6 3. e3 e6 4. Nf3 c5 5. b3 Nc6 6. Bb2 Qa5 7. a3 Ne4 8. Qd3 a6
9. Be2 b5 10. dxc5 Nxc5 11. Qd2 Qc7 12. O-O f6 13. Rad1 Bb7 14. Rfe1 Be7 15.
Nd4 Nd8 16. Bf3 O-O 17. e4 Nxe4 18. Nxe4 dxe4 19. Bxe4 Bxe4 20. Rxe4 e5 21. Nf5
Nf7 22. Rg4 g6 23. Rg3 Rfd8 24. Qe2 Rxd1+ 25. Qxd1 Rd8 26. Nxe7+ Qxe7 27. Rd3
Rxd3 28. Qxd3 Qd6 29. Qe2 Ng5 30. h4 Ne6 31. g3 Nd4 32. Bxd4 Qxd4 33. Kg2 f5
34. Qd3 Qxd3 35. cxd3 Kf7 36. Kf3 Ke6 37. Ke3 Kd5 38. f3 h6 39. f4 exf4+ 40.
gxf4 a5 41. a4 bxa4 42. bxa4 Kc5 43. d4+ Kc4 44. d5 Kxd5 45. Kd3 h5 46. Ke3 Kc4
47. Ke2 Kb4 48. Kd3 Kxa4 49. Kc4 Ka3 50. Kc3 a4 0-1

[Event "HUN Team League Ch. Csongrad Region"]
[Site "Csongrád County"]
[Date "2015.10.11"]
[Round "3.1"]
[White "David, Levente Mate"]
[Black "Tumbasz, Peter"]
[Result "0-1"]
[WhiteElo "1508"]
[BlackElo "1659"]
[PlyCount "42"]
[EventDate "2015.09.20"]

1. e4 e5 2. Nf3 Nf6 3. Nxe5 Nc6 4. Nxc6 dxc6 5. Nc3 Bc5 6. Bc4 Ng4 7. Qf3 Ne5
8. Qe2 O-O 9. Bb3 Bg4 10. f3 Qh4+ 11. Kf1 Be6 12. Bxe6 fxe6 13. d3 Ng4 14. Nd1
Nxh2+ 15. Rxh2 Qxh2 16. Nf2 Rf6 17. Be3 Bxe3 18. Qxe3 Rg6 19. Ng4 Qg3 20. Qf2
Rxg4 21. fxg4 Rf8 0-1

[Event "HUN Team League Ch. Csongrad Region"]
[Site "Csongrád County"]
[Date "2015.10.11"]
[Round "3.1"]
[White "Varga, Laszlo"]
[Black "Nogradi, Erik"]
[Result "1-0"]
[WhiteElo "1713"]
[BlackElo "1484"]
[PlyCount "49"]
[EventDate "2015.09.20"]

1. Nc3 e5 2. e4 Nf6 3. Nf3 Nc6 4. d4 exd4 5. Nxd4 Bb4 6. Nxc6 Bxc3+ 7. bxc3
dxc6 8. Qxd8+ Kxd8 9. Bd3 Nxe4 10. Bxe4 Re8 11. f3 f5 12. Bg5+ Kd7 13. O-O-O+
Ke6 14. Bd3 Kf7 15. h4 Be6 16. a3 h6 17. Bf4 Re7 18. Be5 Bd5 19. Bd4 g6 20. h5
b6 21. c4 Be6 22. hxg6+ Kxg6 23. g4 Rf8 24. Rdg1 Kh7 25. g5 1-0

[Event "HUN Team League Ch. Csongrad Region"]
[Site "Csongrád County"]
[Date "2015.10.11"]
[Round "3.2"]
[White "Kurucz, Gergely"]
[Black "Toth, Peter"]
[Result "1/2-1/2"]
[WhiteElo "1618"]
[BlackElo "1982"]
[PlyCount "41"]
[EventDate "2015.09.20"]

1. e4 c5 2. g3 d6 3. Bg2 Nc6 4. c3 g6 5. d3 Bg7 6. Ne2 Nf6 7. O-O O-O 8. f4 e6
9. Na3 Bd7 10. Nc4 Qc7 11. Be3 b5 12. Nxd6 Qxd6 13. e5 Qe7 14. exf6 Bxf6 15. d4
c4 16. b3 cxb3 17. axb3 a5 18. Ra2 Ra6 19. Qd3 Rb8 20. Rd1 Qe8 21. Bf2 1/2-1/2

[Event "HUN Team League Ch. Csongrad Region"]
[Site "Csongrád County"]
[Date "2015.10.11"]
[Round "3.2"]
[White "Imreh, Csanad"]
[Black "Bodicsi, Barna"]
[Result "1-0"]
[WhiteElo "1764"]
[BlackElo "1677"]
[PlyCount "83"]
[EventDate "2015.09.20"]

1. d4 d5 2. c4 e6 3. Nc3 Bb4 4. a3 Bxc3+ 5. bxc3 Ne7 6. e3 Nbc6 7. cxd5 Qxd5 8.
c4 Qd8 9. Nf3 O-O 10. Bd3 Ng6 11. Bb2 Re8 12. Qc2 Qd6 13. Rd1 Na5 14. Qc3 b6
15. c5 Qc6 16. d5 e5 17. dxc6 f6 18. Bxg6 hxg6 19. O-O Ba6 20. Rfe1 Rad8 21.
cxb6 axb6 22. Rxd8 Rxd8 23. Nh4 Rd3 24. Qc2 g5 25. Nf3 Rd6 26. Rd1 Rxc6 27.
Rd8+ Kf7 28. Qd2 Bb5 29. h4 Nc4 30. Qb4 Rc5 31. hxg5 fxg5 32. Nxg5+ Ke7 33. Rd1
Kf6 34. Ne4+ Kf7 35. Nxc5 bxc5 36. Qxb5 Nd6 37. Qxc5 Kf6 38. Qxc7 Nf7 39. Rd6+
Kf5 40. Qxf7+ Ke4 41. f3+ Kxe3 42. Qf5 1-0

[Event "HUN Team League Ch. Csongrad Region"]
[Site "Csongrád County"]
[Date "2015.10.11"]
[Round "3.2"]
[White "Farkas, Boldizsar"]
[Black "Filep, Miklos Jr"]
[Result "1/2-1/2"]
[WhiteElo "1468"]
[BlackElo "1758"]
[PlyCount "81"]
[EventDate "2015.09.20"]

1. b4 e5 2. Bb2 e4 3. e3 d5 4. Ne2 Nf6 5. b5 Be7 6. Nf4 O-O 7. Be2 a6 8. a4
axb5 9. axb5 Rxa1 10. Bxa1 c6 11. O-O Bd7 12. Nc3 cxb5 13. Ncxd5 Nxd5 14. Nxd5
Bc6 15. Nxe7+ Qxe7 16. Qb1 Rd8 17. Rd1 Qg5 18. Qb2 Na6 19. h4 Qh6 20. Bxb5 Bxb5
21. Qxb5 Qxh4 22. Qxb7 Nc5 23. Qc7 Ne6 24. Qg3 Qh5 25. f3 exf3 26. Qxf3 Qg6 27.
e4 Ng5 28. Qf5 Nxe4 29. Qxg6 hxg6 30. d3 f5 31. Kf1 Kf7 32. Ke1 Nc5 33. d4 Ne4
34. c4 g5 35. c5 Rd5 36. Rc1 g6 37. Ke2 Ke6 38. Kd3 g4 39. Rb1 Nxc5+ 40. Kc4
Ne4 41. Rb6+ 1/2-1/2

[Event "HUN Team League Ch. Csongrad Region"]
[Site "Csongrád County"]
[Date "2015.10.11"]
[Round "3.2"]
[White "Molnar, Jeno"]
[Black "Racz, Gabor Istvan"]
[Result "1/2-1/2"]
[WhiteElo "1693"]
[BlackElo "1497"]
[PlyCount "64"]
[EventDate "2015.09.20"]

1. e4 e6 2. d4 d5 3. Nc3 Bb4 4. e5 c5 5. a3 Bxc3+ 6. bxc3 Qc7 7. Nf3 c4 8. Be2
Ne7 9. Nh4 Nbc6 10. O-O Bd7 11. f4 b5 12. Bg4 g6 13. Bd2 Nf5 14. Nxf5 gxf5 15.
Bh5 Ne7 16. Be1 Ng6 17. Qf3 O-O-O 18. Qh3 Rdf8 19. Bh4 Nxh4 20. Qxh4 Qd8 21.
Qxd8+ Kxd8 22. Ra2 Ke7 23. Rb1 Rb8 24. Rab2 Rb6 25. Ra2 Rhb8 26. Raa1 h6 27.
Rf1 Ra6 28. Rfb1 Rbb6 29. Kf2 Ra5 30. Ra2 Rba6 31. Rba1 Be8 32. h3 Rb6 1/2-1/2

[Event "HUN Team League Ch. Csongrad Region"]
[Site "Csongrád County"]
[Date "2015.10.11"]
[Round "3.2"]
[White "Vidu, Armand"]
[Black "Jurasits, Miklos"]
[Result "0-1"]
[WhiteElo "1569"]
[BlackElo "1645"]
[PlyCount "90"]
[EventDate "2015.09.20"]

1. e4 c5 2. Nf3 Nc6 3. d4 cxd4 4. Nxd4 e5 5. Nf3 Nf6 6. Nc3 a6 7. Bd3 Be7 8.
O-O O-O 9. b3 d5 10. Nxd5 Nxd5 11. exd5 Nb4 12. Nxe5 Bf6 13. Bb2 Nxd5 14. Nc4
Bxb2 15. Nxb2 Qg5 16. Qf3 Nf4 17. Qg3 Qf6 18. Nc4 b5 19. Nd2 Bb7 20. Ne4 Bxe4
21. Rfe1 Bxd3 22. cxd3 Rae8 23. Qf3 Qd4 24. Qc6 Rxe1+ 25. Rxe1 Nxd3 26. Rf1 Nb4
27. Qc1 Nxa2 28. Qa3 Nb4 29. h3 h6 30. Qa1 Qxa1 31. Rxa1 Rc8 32. Rd1 Kf8 33.
Rd6 Ke7 34. Rb6 Rc3 35. Rb7+ Kf6 36. Rb6+ Rc6 37. Rb7 Nc2 38. Rd7 a5 39. Ra7
Rb6 40. Rxa5 Nd4 41. Ra3 b4 42. Ra2 Nxb3 43. Rb2 Nc5 44. Kf1 b3 45. Ke2 Na4 0-1

[Event "HUN Team League Ch. Csongrad Region"]
[Site "Csongrád County"]
[Date "2015.10.11"]
[Round "3.2"]
[White "Filep, Miklos Sr"]
[Black "Gyovai, Janos"]
[Result "1/2-1/2"]
[WhiteElo "1584"]
[BlackElo "1273"]
[PlyCount "118"]
[EventDate "2015.09.20"]

1. f4 Nc6 2. b3 e5 3. fxe5 Nxe5 4. Nf3 Nxf3+ 5. exf3 b6 6. Bb2 Bb7 7. Qe2+ Qe7
8. Qxe7+ Nxe7 9. Bc4 f6 10. Nc3 O-O-O 11. O-O-O Ng6 12. Rhe1 Ne5 13. Bf1 Bd6
14. Nb5 Nc6 15. Nxd6+ cxd6 16. Re3 Rde8 17. Rde1 Kd8 18. a3 Rxe3 19. Rxe3 Re8
20. Bd3 h6 21. Be4 Kc7 22. c3 Nd8 23. Kc2 d5 24. Bg6 Rxe3 25. dxe3 Nc6 26. f4
Kd6 27. a4 Ba6 28. Ba3+ Ke6 29. f5+ Ke5 30. Bf8 Ke4 31. Kd2 Ne5 32. Bxg7 Nxg6
33. fxg6 Kf5 34. Bxh6 Kxg6 35. Bf4 Bf1 36. g3 Kf5 37. h4 Kg4 38. Bc7 b5 39.
axb5 Bxb5 40. Ke1 Bd3 41. Kf2 Bb5 42. Bd8 f5 43. h5 Kxh5 44. Kf3 Kg6 45. Kf4
Bd3 46. Ke5 Bc2 47. b4 Bb3 48. Kd6 Bc4 49. Kxd7 Kf7 50. Bg5 Kg6 51. Bf4 Kg7 52.
Kd6 a6 53. Ke5 Kg6 54. Kd4 Kf6 55. g4 fxg4 56. e4 Ke6 57. exd5+ Bxd5 58. c4 Bb7
59. c5 Bc6 1/2-1/2

[Event "HUN Team League Ch. Csongrad Region"]
[Site "Csongrád County"]
[Date "2015.10.11"]
[Round "3.2"]
[White "Tamas, Attila"]
[Black "Nagy, Dominik Noel"]
[Result "1-0"]
[WhiteElo "1212"]
[BlackElo "1476"]
[PlyCount "43"]
[EventDate "2015.09.20"]

1. e4 e5 2. Nf3 Nc6 3. Bb5 Nf6 4. Nc3 Bc5 5. d3 d6 6. Bg5 O-O 7. Nd5 a6 8. Bxc6
bxc6 9. Nxf6+ gxf6 10. Bh6 Re8 11. Nh4 d5 12. Nf5 Bxf5 13. exf5 Kh8 14. Qh5 Qe7
15. O-O Bd6 16. Rfe1 Rg8 17. Re3 Rab8 18. b3 e4 19. Rh3 Qe5 20. Rf1 Rg5 21.
Bxg5 Qxf5 22. Bxf6+ 1-0

[Event "HUN Team League Ch. Csongrad Region"]
[Site "Csongrád County"]
[Date "2015.10.11"]
[Round "3.3"]
[White "Kopias, Ferenc"]
[Black "Kurucsai, Andras"]
[Result "1-0"]
[WhiteElo "1778"]
[BlackElo "1723"]
[PlyCount "111"]
[EventDate "2015.09.20"]

1. Nf3 d5 2. b3 Nf6 3. Bb2 e6 4. g3 Bd6 5. Bg2 Nbd7 6. O-O O-O 7. d3 e5 8. Nbd2
b6 9. c4 c6 10. cxd5 cxd5 11. Rc1 Ba6 12. Re1 Re8 13. a3 Qe7 14. Nh4 g6 15. b4
Rac8 16. Qa4 Bb7 17. Nhf3 a6 18. e4 b5 19. Qb3 d4 20. Rxc8 Rxc8 21. Rc1 Nb6 22.
Rxc8+ Bxc8 23. Qc2 Bd7 24. Nb3 Na4 25. Na5 Qe6 26. Ba1 Qe8 27. Nb7 Bf8 28. Na5
Qb8 29. h3 Bd6 30. Kh2 Kg7 31. Nd2 Ng8 32. Ndb3 Ne7 33. f4 f6 34. fxe5 Bxe5 35.
Kh1 Bxg3 36. Bxd4 Qf4 37. Nc5 Bc8 38. Nxa4 bxa4 39. Qc5 Kf7 40. Be3 Qh4 41. e5
Be6 42. exf6 Qxf6 43. Qc1 Nd5 44. Bg5 Qd4 45. Nc6 Qb6 46. Nd8+ Kg8 47. Nxe6
Qxe6 48. Kg1 Bc7 49. Bxd5 Bb6+ 50. Kf1 Qxd5 51. Qc4 Qxc4 52. dxc4 a5 53. c5 Ba7
54. c6 Bb8 55. bxa5 Kf7 56. Bd8 1-0

[Event "HUN Team League Ch. Csongrad Region"]
[Site "Csongrád County"]
[Date "2015.10.11"]
[Round "3.3"]
[White "Nagy, Zoltan"]
[Black "Martonosi, Adam"]
[Result "0-1"]
[WhiteElo "1705"]
[BlackElo "1769"]
[PlyCount "116"]
[EventDate "2015.09.20"]

1. c4 g6 2. d4 Bg7 3. e3 c5 4. Nf3 cxd4 5. exd4 d5 6. Nc3 Nf6 7. Ne5 O-O 8. f3
Nc6 9. Nxc6 bxc6 10. b3 Ba6 11. Be3 Qa5 12. Qd2 Rfe8 13. Na4 Qxd2+ 14. Kxd2
dxc4 15. bxc4 e5 16. Nc5 exd4 17. Bf2 Bc8 18. Bd3 Nd7 19. Nb3 c5 20. Rhe1 Ba6
21. Rxe8+ Rxe8 22. Re1 Rxe1 23. Bxe1 f5 24. Kc2 Be5 25. g3 Bd6 26. f4 Bb7 27.
Nd2 Nf6 28. h4 Kf7 29. Be2 Ng4 30. Bd3 Ke6 31. Be2 Nf6 32. Bd3 Bc7 33. Nb3 Kd6
34. Na5 Ba6 35. Nb3 Ng4 36. Bd2 Nf2 37. Be1 Ne4 38. Nd2 Bb7 39. Nb3 Kc6 40. Be2
Bb6 41. Bf3 Kc7 42. Be2 Ba6 43. Bd3 Nd6 44. Na5 Kd7 45. Kb3 Ne4 46. Ka4 Kc7 47.
Nb3 Bc8 48. Ka3 Kc6 49. Kb2 Ba6 50. Kc2 Nd6 51. Nd2 Ba5 52. Bf2 Bxd2 53. Kxd2
Ne4+ 54. Ke1 Nxf2 55. Kxf2 Kb6 56. a3 Ka5 57. g4 Bc8 58. gxf5 Bxf5 0-1

[Event "HUN Team League Ch. Csongrad Region"]
[Site "Csongrád County"]
[Date "2015.10.11"]
[Round "3.3"]
[White "Hajnal, Bence"]
[Black "Papp, Zoltan"]
[Result "0-1"]
[WhiteElo "1754"]
[BlackElo "1848"]
[PlyCount "120"]
[EventDate "2015.09.20"]

1. e4 d5 2. exd5 Qxd5 3. Nc3 Qa5 4. Nf3 Nf6 5. Be2 Bf5 6. b4 Qb6 7. O-O e6 8.
Rb1 Bd6 9. Na4 Qc6 10. Nd4 Qe4 11. Nxf5 Qxf5 12. Bf3 Nbd7 13. d4 O-O 14. Nc5
Bxc5 15. bxc5 Rad8 16. Rxb7 Nxc5 17. Rxc7 Nce4 18. Bxe4 Qxe4 19. c3 Nd5 20. Rc5
Rc8 21. Re1 Qb1 22. c4 Nc3 23. Qb3 Ne2+ 24. Kf1 Qxb3 25. axb3 Nxd4 26. Rxc8
Rxc8 27. Re3 Rb8 28. b4 Rxb4 29. Rc3 Rb7 30. Rd3 e5 31. f4 Rb1 32. Rc3 f6 33.
c5 Rb7 34. Be3 Rc7 35. Rc4 Nc6 36. Ra4 Kf7 37. Ke2 Ke6 38. Kd3 Kd5 39. fxe5
fxe5 40. Kc3 a5 41. Kd3 Rb7 42. Kc3 Rb4 43. Rxb4 Nxb4 44. Kb3 Nd3 45. c6 Kxc6
46. Kc3 Nb4 47. Kc4 Nd5 48. Bc1 Nb6+ 49. Kd3 Kd5 50. Bb2 e4+ 51. Ke2 g6 52. Bg7
a4 53. Bb2 Nc4 54. Bc3 a3 55. Kd1 e3 56. Kc2 Ke4 57. Kb3 Kd3 58. Be1 g5 59. g4
Ne5 60. h3 Nf3 0-1

[Event "HUN Team League Ch. Csongrad Region"]
[Site "Csongrád County"]
[Date "2015.10.11"]
[Round "3.3"]
[White "Heintz, Sebestyen"]
[Black "Balassy, Gabor"]
[Result "0-1"]
[WhiteElo "1740"]
[BlackElo "1685"]
[PlyCount "78"]
[EventDate "2015.09.20"]

1. e4 c6 2. d4 d5 3. e5 Bf5 4. Bd3 Bxd3 5. Qxd3 e6 6. Ne2 Nd7 7. O-O Ne7 8. Be3
Qb6 9. b3 Nc8 10. Ng3 Ne7 11. Nd2 g6 12. h4 Bg7 13. h5 O-O 14. Bg5 Rfe8 15. Qe3
c5 16. c3 Nc6 17. Nf3 cxd4 18. cxd4 Rac8 19. Rad1 Nb4 20. Bh6 Nxa2 21. Bxg7
Kxg7 22. h6+ Kg8 23. Rd3 Rc2 24. Rd2 Rec8 25. Rxc2 Rxc2 26. Ng5 Rc8 27. Qf3 Rf8
28. Ra1 Nb4 29. Qc3 Nc6 30. Ra4 Ne7 31. Rb4 Qa5 32. Ne2 Rc8 33. Qf3 f6 34. Rxb7
fxg5 35. Rxd7 Rf8 36. Qe3 Qe1+ 37. Kh2 Rxf2 38. Rxe7 Rf1 39. Kh3 Qh4# 0-1

[Event "HUN Team League Ch. Csongrad Region"]
[Site "Csongrád County"]
[Date "2015.10.11"]
[Round "3.3"]
[White "Vass, Szabolcs"]
[Black "Komocsin, Kont"]
[Result "1-0"]
[WhiteElo "1673"]
[BlackElo "1582"]
[PlyCount "121"]
[EventDate "2015.09.20"]

1. e4 c5 2. Nf3 d6 3. Bc4 Nc6 4. c3 Nf6 5. d3 g6 6. Ng5 e6 7. O-O Bg7 8. f4 h6
9. f5 hxg5 10. fxg6 fxg6 11. Bxg5 Ne5 12. Bb5+ Bd7 13. Bxd7+ Nexd7 14. d4 cxd4
15. cxd4 Qb6 16. Nc3 e5 17. Qf3 Qxd4+ 18. Rf2 O-O-O 19. Rc1 Kb8 20. Be3 Qc4 21.
b3 Qb4 22. a3 Qxb3 23. Rb1 Qxc3 24. Bxa7+ Kxa7 25. Qxc3 Nxe4 26. Rxb7+ Kxb7 27.
Rb2+ Nb6 28. Qb4 Kc7 29. Qxb6+ Kd7 30. Qb7+ Ke6 31. Qxe4 g5 32. Qg6+ Bf6 33.
Rf2 Rhf8 34. a4 d5 35. Rb2 d4 36. Rb6+ Rd6 37. Rxd6+ Kxd6 38. a5 Kc5 39. Qd3
Ra8 40. Qa3+ Kc6 41. Qf3+ Kc5 42. Qxa8 d3 43. Kf2 Kd4 44. a6 e4 45. Qe8 Be5 46.
Qxe5+ Kxe5 47. a7 Kd4 48. a8=Q e3+ 49. Ke1 Kc3 50. Qa3+ Kc2 51. Qc5+ Kb2 52.
Qxe3 Kc3 53. Kd1 g4 54. Qc1+ Kd4 55. Kd2 g3 56. h3 Ke4 57. h4 Kf4 58. Kxd3+ Kg4
59. Ke4 Kxh4 60. Kf5 Kh5 61. Qh1# 1-0

[Event "HUN Team League Ch. Csongrad Region"]
[Site "Csongrád County"]
[Date "2015.10.11"]
[Round "3.3"]
[White "Gabor, Geza"]
[Black "Vizhanyo Gyomorei, Jozsef"]
[Result "1-0"]
[WhiteElo "1695"]
[BlackElo "1509"]
[PlyCount "61"]
[EventDate "2015.09.20"]

1. e4 Nf6 2. Bc4 d5 3. exd5 Nxd5 4. Qf3 e6 5. Ne2 Nc6 6. Bxd5 exd5 7. d4 Bb4+
8. c3 Bd6 9. Bf4 O-O 10. O-O g5 11. Qg3 Bxf4 12. Nxf4 g4 13. Na3 Kh8 14. Nb5
Ne7 15. Nh5 Nf5 16. Qxc7 Qg5 17. Ng3 Nh4 18. Rae1 Bf5 19. Re5 Rac8 20. Rxf5
Nxf5 21. Qe5+ f6 22. Qxf5 Qd2 23. Nh5 Rc6 24. Nf4 Qxb2 25. Qxd5 a6 26. Nd6 Qxc3
27. Nh5 Rc7 28. Ne4 Qd3 29. Nexf6 Rcf7 30. Qe5 h6 31. Nd7+ 1-0

[Event "HUN Team League Ch. Csongrad Region"]
[Site "Csongrád County"]
[Date "2015.10.11"]
[Round "3.3"]
[White "Jakso, Abel"]
[Black "Magony, Milan"]
[Result "1/2-1/2"]
[WhiteElo "1265"]
[BlackElo "1270"]
[PlyCount "65"]
[EventDate "2015.09.20"]

1. d4 e6 2. Nf3 d5 3. Bf4 c5 4. c3 Nc6 5. e3 Bd6 6. Bxd6 Qxd6 7. Nbd2 Nge7 8.
Be2 f6 9. O-O Ng6 10. Nb3 c4 11. Nbd2 e5 12. b3 b5 13. dxe5 Ncxe5 14. bxc4 dxc4
15. Rb1 a6 16. a4 Rb8 17. axb5 axb5 18. Nxc4 Nxf3+ 19. Bxf3 Qxd1 20. Rfxd1 O-O
21. Nd6 Ne5 22. Rxb5 Nxf3+ 23. gxf3 Rxb5 24. Nxb5 Ba6 25. Na3 Be2 26. Rc1 Bxf3
27. c4 Rc8 28. c5 Kf7 29. Kf1 Ke6 30. Nb1 Kd5 31. Nd2 Be4 32. Nb3 Bd3+ 33. Ke1
1/2-1/2

[Event "HUN Team League Ch. Csongrad Region"]
[Site "Csongrád County"]
[Date "2015.10.11"]
[Round "3.4"]
[White "Hajdu, Istvan"]
[Black "Tornyai, Jeno"]
[Result "1-0"]
[WhiteElo "1992"]
[BlackElo "1903"]
[PlyCount "101"]
[EventDate "2015.09.20"]

1. e4 d5 2. exd5 Nf6 3. Bb5+ Bd7 4. Bc4 b5 5. Bb3 Bg4 6. f3 Bc8 7. a4 b4 8. c4
c6 9. dxc6 Nxc6 10. Ne2 e5 11. O-O Bc5+ 12. Kh1 O-O 13. Bc2 Nd4 14. Nxd4 Qxd4
15. d3 Bf5 16. Nd2 Bxd3 17. Nb3 Bxc2 18. Qxc2 Qd6 19. Rd1 Qc7 20. Nxc5 Qxc5 21.
Qd3 e4 22. Be3 Qe5 23. Qd4 Qxd4 24. Rxd4 exf3 25. gxf3 Rfe8 26. Rd3 a5 27. Rad1
h6 28. Kg2 Kh7 29. Kf2 Re6 30. Rd6 Rae8 31. R1d3 Kg6 32. c5 Kf5 33. Rxe6 fxe6
34. Rd6 Ra8 35. Ke2 g5 36. Kd3 Nd5 37. Bd2 h5 38. Kc4 g4 39. fxg4+ hxg4 40. Kb5
Ne7 41. Rd7 Nd5 42. Be1 Nf6 43. Rf7 Kg6 44. Re7 Kf5 45. Bg3 Nd5 46. Rd7 Rc8 47.
c6 Kf6 48. c7 Ne7 49. Bh4+ Kf5 50. Rxe7 e5 51. Kc6 1-0

[Event "HUN Team League Ch. Csongrad Region"]
[Site "Csongrád County"]
[Date "2015.10.11"]
[Round "3.4"]
[White "Vanya, Janos"]
[Black "Udvardi, Zalan"]
[Result "1/2-1/2"]
[WhiteElo "1919"]
[BlackElo "1879"]
[PlyCount "36"]
[EventDate "2015.09.20"]

1. d4 d5 2. c4 e6 3. Nc3 Nf6 4. Nf3 Bd6 5. Bg5 c6 6. e3 b6 7. cxd5 cxd5 8. Bb5+
Bd7 9. Qa4 Be7 10. Ne5 a6 11. Rc1 Bxb5 12. Nxb5 O-O 13. Nc3 Nfd7 14. Bf4 Nxe5
15. Bxe5 Nd7 16. Bg3 b5 17. Qd1 Rc8 18. O-O Nb6 1/2-1/2

[Event "HUN Team League Ch. Csongrad Region"]
[Site "Csongrád County"]
[Date "2015.10.11"]
[Round "3.4"]
[White "Balatoni, Gyorgy"]
[Black "Balogh, Ferenc"]
[Result "1/2-1/2"]
[WhiteElo "1772"]
[BlackElo "1870"]
[PlyCount "41"]
[EventDate "2015.09.20"]

1. c4 e5 2. Nc3 d6 3. g3 c6 4. Bg2 Be7 5. Nf3 f5 6. d3 Nf6 7. e4 fxe4 8. dxe4
Na6 9. O-O Nc5 10. Qc2 Ne6 11. a3 Qc7 12. Qd3 O-O 13. b4 Bd7 14. Bb2 Rad8 15.
h3 Bc8 16. Rac1 Nh5 17. Ne2 Ng5 18. Nxg5 Bxg5 19. Rc2 Be6 20. Kh2 Rd7 21. Ng1
1/2-1/2

[Event "HUN Team League Ch. Csongrad Region"]
[Site "Csongrád County"]
[Date "2015.10.11"]
[Round "3.4"]
[White "Farkas, Janos"]
[Black "Nagy, Viktor"]
[Result "1/2-1/2"]
[WhiteElo "1799"]
[BlackElo "1768"]
[PlyCount "56"]
[EventDate "2015.09.20"]

1. e4 d5 2. exd5 Nf6 3. Nf3 Nxd5 4. d4 Bg4 5. Be2 e6 6. O-O Be7 7. c4 Nf6 8.
Nc3 O-O 9. Be3 c6 10. Qc2 Nbd7 11. Rad1 Nb6 12. b3 Qc7 13. Ne4 Nxe4 14. Qxe4
Bf5 15. Qf4 Bd6 16. Qh4 Be7 17. Bg5 Bxg5 18. Nxg5 h6 19. Nf3 Rad8 20. g4 Bg6
21. Ne5 Nd7 22. Nxg6 fxg6 23. f4 Qa5 24. Bd3 g5 25. Qe1 Qxe1 26. Rdxe1 Rxf4 27.
Rxf4 gxf4 28. Rxe6 Nf6 1/2-1/2